[Event "VIE-ch U15"]
[Site "Hanoi"]
[Date "2022.06.13"]
[Round "3"]
[White "Nguyen, Le Nhat Huy"]
[Black "Nguyen, Xuan Anh"]
[Result "1-0"]
[WhiteElo "2319"]
[BlackElo "2330"]
[PlyCount "79"]
[EventDate "2022.06.11"]
[EventType "swiss"]
[EventRounds "9"]
[EventCountry "VIE"]
[SourceTitle "EXT 2023"]
[Source "ChessBase"]
[SourceDate "2022.10.05"]
[SourceVersion "1"]
[SourceVersionDate "2022.10.05"]
[SourceQuality "1"]

1. d4 c5 2. d5 d6 3. c4 g6 4. e4 Bg7 5. Bd3 Nf6 6. Ne2 0-0 7. 0-0 Na6 8. a3 Nc7 9. Nbc3 Bd7 10. Bg5 a6 11. f4 b5 12. Qc2 bxc4 13. Bxc4 Bb5 14. b3 Nh5 15. Rad1 Qd7 16. h3 Rae8 17. g4 Nf6 18. Bh4 Bxc4 19. bxc4 Nxg4 20. hxg4 Qxg4+ 21. Bg3 Bxc3 22. Qxc3 Qxe2 23. e5 Rb8 24. Rd2 Qg4 25. f5 Rb6 26. Rg2 Rfb8 27. exd6 Rb1 28. dxc7 Rxf1+ 29. Kxf1 Rb1+ 30. Be1 Qxf5+ 31. Rf2 Qc8 32. Qf3 f6 33. Qd3 Rb7 34. Ba5 Qg4 35. d6 exd6 36. Qd5+ Kg7 37. Qxb7 Qxc4+ 38. Kg1 Qg4+ 39. Qg2 Qd1+ 40. Qf1 1-0